| 000 | 00499nam a22001457a 4500 | ||
|---|---|---|---|
| 005 | 20231103100739.0 | ||
| 008 | 231103b |||||||| |||| 00| 0 eng d | ||
| 082 |
_a617.75 _bAME |
||
| 245 |
_aClinical Optics-3 : _bbasic and clinical science course,2016-2017 / _cAmerican Academy of Ophthalmology |
||
| 260 |
_aUK : _bAmerican Academy of Ophthalmology, _cc2016. |
||
| 500 | _aAmerican Academy of Ophthalmology-3 | ||
| 650 | _aOphthalmology | ||
| 700 | _aAmerican Academy of Ophthalmology | ||
| 999 |
_c34674 _d34674 |
||